<?xml version="1.0" encoding="UTF-8"?>
<marc:record xmlns:marc="http://www.loc.gov/MARC21/slim">
   <marc:leader>00000nam a2200000 a 4500</marc:leader>
   <marc:datafield ind1="1" ind2=" " tag="100">
      <marc:subfield code="a">Gitt, Werner</marc:subfield>
      <marc:subfield code="4">aut</marc:subfield>
      <marc:subfield code="e">Verfasser/-in</marc:subfield>
   </marc:datafield>
   <marc:datafield ind1=" " ind2=" " tag="653">
      <marc:subfield code="a">Glaube</marc:subfield>
   </marc:datafield>
   <marc:datafield ind1=" " ind2=" " tag="653">
      <marc:subfield code="a">Naturwissenschaften</marc:subfield>
   </marc:datafield>
   <marc:datafield ind1="0" ind2="0" tag="245">
      <marc:subfield code="a">Fragen - die immer wieder gestellt werden</marc:subfield>
   </marc:datafield>
   <marc:datafield ind1="0" ind2="0" tag="245">
      <marc:subfield code="c">Werner Gitt</marc:subfield>
   </marc:datafield>
   <marc:datafield ind1=" " ind2="1" tag="264">
      <marc:subfield code="a">Bielefeld</marc:subfield>
      <marc:subfield code="b">Christliche Literatur-Verbreitung e.V.</marc:subfield>
      <marc:subfield code="c">1998</marc:subfield>
   </marc:datafield>
   <marc:datafield ind1=" " ind2=" " tag="250">
      <marc:subfield code="a">15. überarbeitete und erweiterte Auflage</marc:subfield>
   </marc:datafield>
   <marc:datafield ind1="1" ind2=" " tag="520">
      <marc:subfield code="a">Zusammenfassung: Prof. Dr. W. Gitt gibt Antworten, die aus der Evangelisationspraxis, aus Gesprächen mit fragenden Menschen und aus dem Studium der Schrift erwachsen sind. Die Fragen sind nicht "am grünen Tisch" entworfen, sondern wurden wirklich gestellt. Von daher handelt es sich nicht um theologische Spitzfindigkeiten, sondern um Probleme, die Zweifler, Fragende und Suchende wirklich bewegen. Der Autor behandelt dabei folgende Themen: Gott - Bibel - Schöpfung, Wissenschaft und Glaube - das Heil - die Religionen - Leben und Glaube - Tod und Ewigkeit. Ein hilfreiches Buch zur Gesprächsführung mit Christen und Außenstehenden. Zur Weitergabe an fragende und suchende Menschen bestens geeignet.Prof. Dr. W. Gitt gibt Antworten, die aus der Evangelisationspraxis, aus Gesprächen mit fragenden Menschen und aus dem Studium der Schrift erwachsen sind. Die Fragen sind nicht "am grünen Tisch" entworfen, sondern wurden wirklich gestellt. Von daher handelt es sich nicht um theologische Spitzfindigkeiten, sondern um Probleme, die Zweifler, Fragende und Suchende wirklich bewegen. Der Autor behandelt dabei folgende Themen: Gott - Bibel -Schöpfung, Wissenschaft und Glaube - das Heil - die Religionen - Leben und Glauben - Tod und Ewigkeit. Ein hilfreiches Buch zur Gesprächsführung mit Christen und Außenstehenden. Zur Weitergabe an fragende und suchende Menschen bestens geeignet.</marc:subfield>
   </marc:datafield>
   <marc:datafield ind1=" " ind2=" " tag="020">
      <marc:subfield code="a">3893971270</marc:subfield>
      <marc:subfield code="9">3893971270</marc:subfield>
   </marc:datafield>
   <marc:datafield ind1=" " ind2=" " tag="041">
      <marc:subfield code="a">ger</marc:subfield>
   </marc:datafield>
   <marc:datafield ind1=" " ind2=" " tag="300">
      <marc:subfield code="a">190 Seiten</marc:subfield>
   </marc:datafield>
</marc:record>
